HISTORIA DE ESPAÑA CONTEMPORANEA

Збережено в:
Бібліографічні деталі
Автор: Rumeu de Armas, A. (autor)
Формат: Книга
Предмети:
Теги: Додати тег
Немає тегів, Будьте першим, хто поставить тег для цього запису!

MARC

LEADER 00000nam^a2200000^a^4500
001 000211975
005 20250521000000.0
009 20260310103440.41
035 |a 011941 
037 |a Acervo Xavier Clavigero 
082 |a 946. 1  |b RUM 
100 |a Rumeu de Armas, A.  |e (autor) 
245 1 0 |a HISTORIA DE ESPAÑA CONTEMPORANEA 
264 |a SALAMANCA :  |b ANAYA, S.A.,  |c 1965 
336 |a texto  |b txt  |2 rdacontenido 
337 |a sin mediación  |b n  |2 rdamedio 
338 |a volumen  |b nc  |2 rdasoporte 
649 |a XX 
650 |a España -  |x Historia 
910 |a Fondo General 
920 |a Impresos - Libros 
930 |a Colección General 
905 |a 101 
901 |a 011941  |b IT1  |c ACC  |i 011941  |u 20250521 
901 |a 011541  |b IT1  |c ACC  |i 011541  |u 20250521 
902 |a https://opac.biblio.iteso.mx/vufind/Record/000211975